Adhunikha shikshanada olavugalu (Record no. 238942)

MARC details
000 -LEADER
fixed length control field 00448nam a2200181Ia 4500
003 - CONTROL NUMBER IDENTIFIER
control field OSt
005 - DATE AND TIME OF LATEST TRANSACTION
control field 20260331144408.0
008 - FIXED-LENGTH DATA ELEMENTS--GENERAL INFORMATION
fixed length control field 250729s2011 xx 000 0 und d
040 ## - CATALOGING SOURCE
Transcribing agency AL
041 ## - LANGUAGE CODE
Language code of text/sound track or separate title kan
082 ## - DEWEY DECIMAL CLASSIFICATION NUMBER
Classification number 370.15 SHAA
100 ## - MAIN ENTRY--PERSONAL NAME
Personal name Dr.A.Shashikala
9 (RLIN) 230759
245 ## - TITLE STATEMENT
Title Adhunikha shikshanada olavugalu
260 ## - PUBLICATION, DISTRIBUTION, ETC.
Place of publication, distribution, etc. Bangalore
Name of publisher, distributor, etc. Vijayalakshmi Prakashana
Date of publication, distribution, etc. 2011
300 ## - PHYSICAL DESCRIPTION
Extent 366p
650 ## - SUBJECT ADDED ENTRY--TOPICAL TERM
Topical term or geographic name entry element Education
9 (RLIN) 230760
942 ## - ADDED ENTRY ELEMENTS (KOHA)
Source of classification or shelving scheme Dewey Decimal Classification
Koha item type School of Education
Holdings
Withdrawn status Lost status Damaged status Not for loan Home library Current library Date acquired Source of acquisition Cost, normal purchase price Total Checkouts Full call number Barcode Date last seen Cost, replacement price Price effective from Koha item type
        St Aloysius Library St Aloysius Library 07/29/2025 Management Books 125.00   370.15 SHAA BED04261 07/29/2025 125.00 07/29/2025 Book